|
|
|
|
| LEADER |
00000nlm0a2200000 4500 |
| 001 |
193985 |
| 005 |
20231101224528.0 |
| 035 |
|
|
|a (RuTPU)RU\TPU\book\211540
|
| 090 |
|
|
|a 193985
|
| 100 |
|
|
|a 20110331d2011 k y0rusy50 ca
|
| 101 |
0 |
|
|a rus
|
| 102 |
|
|
|a RU
|
| 105 |
|
|
|a a dm 001zy
|
| 135 |
|
|
|a drbn ---uucaa
|
| 181 |
|
0 |
|a i
|
| 182 |
|
0 |
|a b
|
| 200 |
1 |
|
|a Вольтамперометрическое определение диоксибензолов на твёрдых механически обновляемых in situ индикаторных электродах
|b Электронный ресурс
|e автореферат диссертации на соискание ученой степени кандидата химических наук
|c спец. 02.00.02
|f О. В. Карунина
|g Томский политехнический университет (ТПУ) ; Российская академия наук (РАН), Сибирское отделение (СО), Институт химии твердого тела и механохимии (ИХТТМ) ; науч. рук. Л. И. Скворцова
|
| 203 |
|
|
|a Текст
|c электронный
|
| 210 |
|
|
|a Томск
|d 2011
|
| 215 |
|
|
|a 1 файл (639 Kb)
|
| 230 |
|
|
|a Электронные текстовые данные (1 файл : 639 Kb)
|
| 300 |
|
|
|a Заглавие с титульного экрана
|
| 300 |
|
|
|a Электронная версия печатной публикации
|
| 337 |
|
|
|a Adobe Reader
|
| 452 |
|
1 |
|0 (RuTPU)RU\TPU\book\212975
|t Вольтамперометрическое определение диоксибензолов на твёрдых механически обновляемых in situ индикаторных электродах
|o автореферат диссертации на соискание ученой степени кандидата химических наук
|o спец. 02.00.02
|f О. В. Карунина
|g Российская академия наук (РАН), Сибирское отделение (СО), Институт химии твердого тела и механохимии (ИХТТМ) ; науч. рук. Л. И. Скворцова
|c Томск
|d 2011
|p 25 с.
|a Карунина, Оксана Владимировна
|
| 606 |
1 |
|
|a Диоксибензолы
|2 stltpush
|3 (RuTPU)RU\TPU\subj\70628
|
| 606 |
1 |
|
|a Вольтамперометрия
|2 stltpush
|3 (RuTPU)RU\TPU\subj\3652
|9 32036
|
| 610 |
1 |
|
|a авторефераты диссертаций
|
| 610 |
1 |
|
|a электронный ресурс
|
| 610 |
1 |
|
|a электрохимическое поведение
|
| 610 |
1 |
|
|a твердые обновляемые электроды
|
| 610 |
1 |
|
|a графито-эпоксидные электроды
|
| 610 |
1 |
|
|a графито-хингидронные электроды
|
| 610 |
1 |
|
|a труды учёных ТПУ
|
| 675 |
|
|
|a 547.56(04)
|v 3
|
| 675 |
|
|
|a 543.552(04)
|v 3
|
| 686 |
|
|
|a 02.00.02
|2 oksvnk
|
| 700 |
|
1 |
|a Карунина
|b О. В.
|g Оксана Владимировна
|
| 702 |
|
1 |
|a Скворцова
|b Л. И.
|g Людмила Ивановна
|4 727
|
| 712 |
0 |
2 |
|a Томский политехнический университет (ТПУ)
|c (1991- )
|2 stltpush
|3 (RuTPU)RU\TPU\col\376
|
| 712 |
0 |
2 |
|a Российская академия наук (РАН)
|b Сибирское отделение (СО)
|b Институт химии твердого тела и механохимии (ИХТТМ)
|c (Новосибирск)
|c (1997- )
|2 stltpush
|3 (RuTPU)RU\TPU\col\11303
|
| 801 |
|
1 |
|a RU
|b 63413507
|c 20110331
|
| 801 |
|
2 |
|a RU
|b 63413507
|c 20170920
|g RCR
|
| 856 |
4 |
|
|u http://www.lib.tpu.ru/fulltext/a/2011/04.pdf
|
| 942 |
|
|
|c CF
|